Documents and researches of Seminary of the Islamic-Christian Dialogue (Record no. 4158)

MARC details
000 -LEADER
fixed length control field 00661nam a2200193 4500
003 - CONTROL NUMBER IDENTIFIER
control field LK-CoMWRAF
008 - FIXED-LENGTH DATA ELEMENTS--GENERAL INFORMATION
fixed length control field 231119b1981 |||||||| |||| 00| 0 eng d
040 ## - CATALOGING SOURCE
Original cataloging agency LK-CoMWRAF
Modifying agency LK-CoMWRAF
Description conventions LK-CoMWRAF
041 ## - LANGUAGE CODE
Language code of text/sound track or separate title English
082 ## - DEWEY DECIMAL CLASSIFICATION NUMBER
Classification number 297.197
Item number ISL
942 ## - ADDED ENTRY ELEMENTS (KOHA)
Koha item type Conference Proceeding
111 ## - MAIN ENTRY--MEETING NAME
Meeting name or jurisdiction name as entry element SYMPOSIUM OF THE ISLAMIC-CHRISTIAN DIALOGUE
Location of meeting (Tripoli,
Date of meeting 1-5 February, 1976)
700 ## - ADDED ENTRY--PERSONAL NAME
Personal name Shahaati, Ahmad
245 ## - TITLE STATEMENT
Title Documents and researches of Seminary of the Islamic-Christian Dialogue
260 ## - PUBLICATION, DISTRIBUTION, ETC. (IMPRINT)
Place of publication, distribution, etc. Jamahiriya:
Name of publisher, distributor, etc. Popular office of Foreign Relations,
Date of publication, distribution, etc. [1981]
300 ## - PHYSICAL DESCRIPTION
Extent 346 p. : ill. ; 25 cm
650 ## - SUBJECT ADDED ENTRY--TOPICAL TERM
Topical term or geographic name as entry element Christianity and other religions
650 ## - SUBJECT ADDED ENTRY--TOPICAL TERM
Topical term or geographic name as entry element Interfaith relations
Holdings
Withdrawn status Lost status Damaged status Not for loan Permanent Location Current Location Date acquired Full call number Barcode Koha item type
        Resource center, Muslim Women's Research And Action Forum Resource center, Muslim Women's Research And Action Forum 2023-11-19 297.197 ISL RAF3070 Conference Proceeding

Copyright © 2023 Muslim Women's Research and Action Forum (MWRAF), No 27/3, Anderson Road, Kalubowila, Dehiwela. Funded by The Asia Fundation